| 000 | nam a22 7a 4500 | ||
|---|---|---|---|
| 999 |
_c235008 _d235008 |
||
| 003 | Nust | ||
| 005 | 20170404165507.0 | ||
| 008 | 170404b xxu||||| |||| 00| 0 eng d | ||
| 040 | _cdlc | ||
| 082 | _a371 RAU | ||
| 100 | _4Rauner,Felix | ||
| 245 | _aInnovative Apprenticeships Promoting Successful School to work Transitions 17-18 September 2009 Turin,Italy : conference proceedings | ||
| 942 |
_2ddc _cBK |
||